Jofre de Rocabertí i Montcada : senyor feudal y cabdill militar / Mercè Aventín senyor feudal y cabdill militar / Mercè Aventín
Descripción Física:
60 p. : il. ; 20 x 21 cm
Colección:
Biblioteca de la classe ; 4
Materias:
Feudalisme -- Catalunya -- Ensenyament
MARC
| LEADER | 00000nam a2200000Ia 4500 | ||
|---|---|---|---|
| 001 | 1622 | ||
| 008 | 160829s1985 xx 000 0 cat d | ||
| 080 | |a H-1-192 | ||
| 100 | |a Aventín, Mercè |9 24085 | ||
| 245 | |a Jofre de Rocabertí i Montcada : |b senyor feudal y cabdill militar / Mercè Aventín | ||
| 260 | |a Barcelona : |b Diputació de Barcelona. Servei d'Ensenyament i Investigació : |b Graó, |c 1985 | ||
| 300 | |a 60 p. : |b il. ; |c 20 x 21 cm | ||
| 490 | |a Biblioteca de la classe ; 4 | ||
| 650 | |a Feudalisme |x Catalunya |x Ensenyament |9 24086 | ||
| 710 | 1 | |a Barcelona (Catalunya : Província). |b Servei d'Ensenyament i Investigació |9 54366 | |
| 901 | |a Arxiu | ||
| 942 | |n 1 | ||
| 952 | |0 0 |1 0 |4 0 |6 H1192 |7 1 |9 42971 |a Arxiu |b Arxiu |d 2016-12-01 |l 0 |o H-1-192 |p 1622 |r 2016-12-01 00:00:00 |w 2016-12-01 |y ARXIU | ||
| 999 | |c 45514 |d 45514 | ||